Construyendo Identidades a través de los sentidos /

Bibliographic Details
Main Author: Caparrós Fernández, Marina (Author)
Format: Electronic eBook
Language:Spanish
Published: Málaga, España : ICB Editores, [2017]
Edition:1a edición.
Series:Escuela de padres (ICB Editores)
Subjects:
Online Access:Digitalia Hispánica

MARC

LEADER 00000nam a2200000 i 4500
001 DIGICB0610
003 NyNyDIG
007 cr |||||||||||
008 250801s2017 sp a ob 000 0 spa d
006 m o d
035 |a (OCoLC)1161679954 
040 |a DGITA  |b eng  |e rda  |e pn  |c DGITA 
020 |a 9791387684037  |q pdf 
020 |z 9788490215012 
050 1 4 |a BF732.S24 ebook 
100 1 |a Caparrós Fernández, Marina,  |e author. 
245 1 0 |a Construyendo Identidades a través de los sentidos /  |c Marina Caparrós Fernández. 
250 |a 1a edición. 
264 1 |a Málaga, España :  |b ICB Editores,  |c [2017] 
300 |a 1 online resource :  |b color illustrations. 
336 |a text  |b txt  |2 rdacontent 
337 |a computer  |b c  |2 rdamedia 
338 |a online resource  |b cr  |2 rdacarrier 
347 |a text file  |2 rdaft 
347 |b PDF 
490 1 |a Escuela de padres 
504 |a Includes bibliographical references. 
588 0 |a Online resource; title from PDF title page (Digitalia, viewed August 1, 2025) 
650 0 |a Self in children. 
650 0 |a Metacognition in children. 
791 2 |a Digitalia (Firm),  |e distributor. 
793 0 |g Digitalia eBook Collection:  |a ICB Editores 
776 0 8 |i Print version:  |a Caparrós Fernández, Marina.  |t Construyendo Identidades a través de los sentidos.  |b 1a edición.  |d Málaga, España : ICB Editores, [2017]  |z 9788490215012 
830 0 |a Escuela de padres (ICB Editores) 
856 4 0 |3 Digitalia Hispánica  |u https://www.digitaliapublishing.com/a/175394/ 
910 |a Premium collection: 2025